Non-Governmental organisations : (Record no. 137122)

MARC details
000 -LEADER
fixed length control field 00715nam a22002417a 4500
003 - CONTROL NUMBER IDENTIFIER
control field 0
005 - DATE AND TIME OF LATEST TRANSACTION
control field 20180801145212.0
008 - FIXED-LENGTH DATA ELEMENTS--GENERAL INFORMATION
fixed length control field 0
010 ## - LIBRARY OF CONGRESS CONTROL NUMBER
LC control number B-058911
020 ## - INTERNATIONAL STANDARD BOOK NUMBER
International Standard Book Number 8173914001
Terms of availability 850.00
035 ## - SYSTEM CONTROL NUMBER
System control number B-058911, B-058912
037 ## - SOURCE OF ACQUISITION
Source of stock number/acquisition Cen Lib / Ret
040 ## - CATALOGING SOURCE
Original cataloging agency DPL
Language of cataloging EN
Transcribing agency 0
082 ## - DEWEY DECIMAL CLASSIFICATION NUMBER
Classification number 060
Item number CHA
100 ## - MAIN ENTRY--PERSONAL NAME
Personal name Snehlata Chandra
245 ## - TITLE STATEMENT
Title Non-Governmental organisations :
Remainder of title structure, relevance and function /
260 ## - PUBLICATION, DISTRIBUTION, ETC. (IMPRINT)
Place of publication, distribution, etc New Delhi
Name of publisher, distributor, etc Kanishka Publishers, Distributors
Date of publication, distribution, etc 2001
270 ## - ADDRESS
Address Kanishka Publishers, Distributors
City New Delhi
Postal code 10002
300 ## - PHYSICAL DESCRIPTION
Extent 450p ;
Dimensions 27cm(Hb)
650 ## - SUBJECT ADDED ENTRY--TOPICAL TERM
Topical term or geographic name as entry element Non-governmental organizations.
650 ## - SUBJECT ADDED ENTRY--TOPICAL TERM
Topical term or geographic name as entry element Globalization.
942 ## - ADDED ENTRY ELEMENTS (KOHA)
Source of classification or shelving scheme Dewey Decimal Classification
Koha item type English Books
Classification part 060
Call number suffix CHA
Holdings
Withdrawn status Lost status Damaged status Not for loan Home library Current library Date acquired Source of acquisition Cost, normal purchase price Total Checkouts Full call number Barcode Date last seen Copy number Cost, replacement price Price effective from Koha item type Source of classification or shelving scheme Collection code
        Central Library Central Library 17/03/2016 Cen Lib/Ret 850.00   060 CHA B-058911 17/03/2016 1 850.00 17/03/2016 English Books    
        Patel Nagar Patel Nagar 01/08/2018 BPPD/PUB 850.00   060 CHA B-058912 01/08/2018   850.00 01/08/2018 English Books Dewey Decimal Classification Non-fiction

© Delhi Public Library
Hit Counter
free hit counter